000 00318nam a2200133Ia 4500
008 151001s9999||||xx |||||||||||||| ||und||
100 _aमारिओ पुझो
245 _aद फोथ के
250 _a1
260 _bचीरानी
260 _c1999
300 _a304
365 _b21
999 _c978334
_d978331